Представление документа в формате RUSMARC

ПолеНазваниеЗначение
  Тип записи a
  Библиографический уровень m
001 Контрольный номер UONB/MAIN/a413ee485e10409db21d165267675ca4
005 Дата корректировки 20260527110655.0
010 Индекс ISBN __
9 Тираж 300000 экз.
100 Данные общей обработки __
a Данные общей обработки 20260527d1984 u u0rusy0189 ca
101 Язык документа 0_
a Язык текста rus
102 Страна публикации __
a Страна публикации RU
105 Кодированные данные (монография) __
a Кодированные данные (монография) a z 000yy
200 Заглавие и сведения об ответственности 1_
a Заглавие Ваш сад
f Первые сведения об ответственности Е. И. Ярославцев, А. С. Косякин, И. С. Исаева
203 Вид содержания и тип средства __
a Вид содержания Текст
b Характеристика содержания визуальный
c Тип средства непосредственный
210 Выходные данные 1_
a Место издания Москва
c Издательство Колос
d Дата издания 1984
215 Физическое описание __
a Объем 190 с.
d Формат 20 см
c Иллюстрации/тип воспроизводства ил.
606 Тематические рубрики 0_
a Основная рубрика Плодовые сады приусадебные
606 Тематические рубрики 0_
a Основная рубрика Плодоводство
610 Ключевые слова 0_
a Ключевые слова плодовые сады приусадебные; плодовые деревья; плодоводство
686 Индексы других классификаций __
a Классификационный индекс 42.34.1
2 Код системы rubbk
700 Автор _1
a Фамилия Ярославцев
b Имя (инициалы) Е. И.
g Полное личное имя Евгений Иванович
701 Альтернативная интеллектуальная ответственность _1
a Фамилия Косякин
b Имя (инициалы) А.С.
g Полное личное имя Александр Сидорович
701 Альтернативная интеллектуальная ответственность _1
a Фамилия Исаева
b Имя (инициалы) И. С.
g Полное личное имя Ирина Сергеевна
801 Источник записи _0
a Страна RU
b Организация Ульяновская ОНБ
c Дата составления 20260527
g Правила каталогизации RCR
801 Источник записи _1
a Страна RU
b Организация Ульяновская ОНБ
c Дата составления 20260527
g Правила каталогизации RCR
901 Тип документа __
t Тип документа m
909 Создатель записи __
a Создатель записи Седова
b Дата создания записи 20260527